000
00313nam a2200121Ia 4500
008
231129s9999||||xx |||||||||||||| ||spa||
020
_a
958-9308-21-X
040
_b
spa
082
_a
R 642 M294
245
0
_a
Manual del mesero
264
_a
Ediciones Gamma
942
_2
ddc
_c
BKS
999
_c
20501
_d
20501